000 00890cam a22003017a 4500
003 CHAP
005 20220329142307.0
008 000518d1997 us a r 00110 eng d
010 _a81174
011 _a82146
020 _a0 85199 196 3
035 _a92632
040 _cCHAP
082 0 4 _a636.2
_bA62
100 0 0 _aAlbright, J.L.
_93522
245 1 4 _aThe behaviour of cattle
_c/by J.J. Albright and C.W. Arave
260 _aOxon :
_bCAB International,
_c1997.
300 _a306 p. :
_bilus.
590 _aBATCH-UPD
_b10
_c20130110
_lUCH01
_h0451
590 _aCONVERSION
_b10
_c20130109
_lUCH01
_h1345
650 1 4 _aGanado lechero
_xMejoramiento.
_945274
650 1 4 _aGanado vacuno.
_945425
700 0 _aArave, C.W.
_96549
901 _aBK
905 _aAlejandra Carrasco M.
942 _cLIBRO
949 _a636.2 A62
_bBC
_cLIBRO
_d33724000780953
_eLIBRO
_gI.2203409
_h97590
_i92632
_si
999 _c81174
_d81174